000 00298nam a22001337a 4500
008 170220b xxu||||| |||| 00| 0 eng d
020 _a1080102
041 _aeng
080 _a615
100 _a5
101 _aSHF
245 _aPRESCRIPTION & OVER-THE-COUNTER DRUGS
_cEDELSON, E
942 _2udc
_cBK
999 _c5827
_d5827